<?xml version="1.0" encoding="UTF-8"?>
<record
    xmlns:xsi="http://www.w3.org/2001/XMLSchema-instance"
    xsi:schemaLocation="http://www.loc.gov/MARC21/slim http://www.loc.gov/standards/marcxml/schema/MARC21slim.xsd"
    xmlns="http://www.loc.gov/MARC21/slim">

  <leader>00924nam a2200205 i 4500</leader>
  <controlfield tag="001">113624</controlfield>
  <controlfield tag="003">ES-MaACL</controlfield>
  <controlfield tag="005">20250817180322.0</controlfield>
  <controlfield tag="007">t|</controlfield>
  <controlfield tag="008">061121m19231927sp      r    ||||1| spa d</controlfield>
  <datafield tag="100" ind1="1" ind2=" ">
    <subfield code="a">Palau y Dulcet, Antonio.</subfield>
    <subfield code="9">88506</subfield>
  </datafield>
  <datafield tag="245" ind1="1" ind2="0">
    <subfield code="a">Manual del librero hispano-americano </subfield>
    <subfield code="b">: inventario bibliogr&#xE1;fico de la producci&#xF3;n cient&#xED;fica y literaria de Espa&#xF1;a y de la Am&#xE9;rica Latina desde la invenci&#xF3;n de la imprenta hasta nuestros d&#xED;as : con el valor comercial de todos los art&#xED;culos descritos / </subfield>
    <subfield code="c">por Antonio Palau y Dulcet.</subfield>
  </datafield>
  <datafield tag="260" ind1=" " ind2=" ">
    <subfield code="a">Barcelona : </subfield>
    <subfield code="b">Librer&#xED;a Anticuaria, </subfield>
    <subfield code="c">1923-1927.</subfield>
  </datafield>
  <datafield tag="300" ind1=" " ind2=" ">
    <subfield code="a">7 v. ; </subfield>
    <subfield code="c">27 cm.</subfield>
  </datafield>
  <datafield tag="505" ind1="8" ind2=" ">
    <subfield code="a">Contiene: t. 1. A-B t. 2. C-CH t. 3. D-G t. 4. H-LL t. 5. M-O t. 6. P-S t. 7. T-Z</subfield>
  </datafield>
  <datafield tag="650" ind1="0" ind2="7">
    <subfield code="a">Bibliograf&#xED;as espa&#xF1;olas</subfield>
    <subfield code="2">embne</subfield>
    <subfield code="9">10523</subfield>
  </datafield>
  <datafield tag="650" ind1=" " ind2="4">
    <subfield code="a">Bibliograf&#xED;as hispanoamericanas.</subfield>
    <subfield code="9">149482</subfield>
  </datafield>
  <datafield tag="852" ind1=" " ind2=" ">
    <subfield code="a">ES-MaACL</subfield>
    <subfield code="j">A-845-51</subfield>
  </datafield>
  <datafield tag="999" ind1=" " ind2=" ">
    <subfield code="c">113624</subfield>
    <subfield code="d">113624</subfield>
  </datafield>
  <datafield tag="952" ind1=" " ind2=" ">
    <subfield code="0">0</subfield>
    <subfield code="1">0</subfield>
    <subfield code="2">udc</subfield>
    <subfield code="4">0</subfield>
    <subfield code="7">0</subfield>
    <subfield code="8">Biblioteca_profesional </subfield>
    <subfield code="a">ATENEOM</subfield>
    <subfield code="b">ATENEOM</subfield>
    <subfield code="c">DEPO1</subfield>
    <subfield code="d">2008-01-17</subfield>
    <subfield code="l">0</subfield>
    <subfield code="o">A-845-51</subfield>
    <subfield code="p">1118501</subfield>
    <subfield code="r">2023-02-23 00:00:00</subfield>
    <subfield code="w">2023-02-23</subfield>
    <subfield code="y">MONOGRAFIA</subfield>
  </datafield>
</record>
